| 000 | 00384cam a2200181 4500 | ||
|---|---|---|---|
| 001 | D13589 | ||
| 008 | 090401t1933 xxu||||| |||| 00| 0 eng d | ||
| 035 | _a(Sirsi) u10592 | ||
| 041 | _aeng | ||
| 100 | _aParry, R. | ||
| 245 | _aValuation tables | ||
| 250 | _a4th | ||
| 260 |
_bEstates Gazette _c1933 |
||
| 350 | _a0 | ||
| 520 | _aShelf 133 | ||
| 942 | _n0 | ||
| 948 | _c04/03/1997 | ||
| 999 |
_c86760 _d86760 |
||